| 000 | 00373nam a22001217a 4500 | ||
|---|---|---|---|
| 999 |
_c109827 _d109827 |
||
| 005 | 20181226115800.0 | ||
| 008 | 181226b ||||| |||| 00| 0 eng d | ||
| 040 | _cPK-LaUMT | ||
| 082 |
_aRHC 891.5505 _bKAM- |
||
| 245 |
_aKamand(Persian)/ _bquarterly research journal of the faculty of Persian/ |
||
| 260 |
_aکوئٹہ: _bدانشگاہ بلوچستان _c2011 |
||
| 942 | _cBK | ||